00445cam a22001457a 4500008004000000020001800040082001700058100001900075245011100094260002500205300001000230650001400240650002300254650002200277180718b2009 xxu||||| |||| 00| 0 eng d a9780198063612 aB141x54 C459 aChowdhry, Prem aContentious marriages, Eloping couples : gender, caste, and patriarchy in Northern Indiacby Prem Chowdhry aNew DelhibOUPc2009 a347p. aElopement aElopement -- India aMarriage -- India